Quiz Rap FR #3 - Statistiques

Statistiques générales
  • Ce quiz a été pris 83 fois
  • Le résultat moyen est 5 sur 10
Statistiques - réponses
Questions Réponses % Correct
Qui est surnommé l'homme au bob ? Gradur
79%
En 2022, qui est le premier rappeur à avoir remplie le Stade de France ? Booba
73%
Quel est le lien de parenté entre Hayce Lemsi et Volts Face ? Frères
66%
Quel producteur a réaliser la BO du film "En passant Pécho" ? Kore
51%
De quel collectif fait partie KPRI ? Lyonzon
51%
Comment s'appellent les featurings entre Ashe22 et Freeze Corleone ? Scellé
48%
Qui a pour vrai nom : Jérémie Serrandour Lorenzo
38%
Qui a écrit le titre "L'enfant seul" ? Oxmo Puccino
27%
Comment s'appelle le premier album de PLK ? Ténébreux
25%
Contre quel groupe, Nicolas Sarkozy a porter plainte ? SNIPER
18%
Aucun quiz correspondant
Distribution des résultats
% des personnes avec chaque résultat
Percentile par nombre de réponses
Votre historique - résultats
Vous n’avez pas pris ce quiz